| 000 | 00981cam a22001815a 4500 | ||
|---|---|---|---|
| 001 | L156867 | ||
| 008 | 120724s1806 xxk f 000 0 eng d | ||
| 035 | _a(Sirsi) u156867 | ||
| 041 | 0 | _aeng | |
| 245 | 0 | 0 |
_aAssessors warrant and instructions, 1806 _bno. III, duty on property, &c. |
| 260 |
_a[London] _bJoyce Gold, Printer, Shoe Lane _c1806 |
||
| 300 |
_a22p. _c20 cm. |
||
| 520 | _aThe item is a set of instructions for assessors tasked with estimating the annual value of all lands, tenements, and hereditaments within a certain parish. Blank spaces are left in the text for the details of the particular parish, dates etc. and these have been completed in pen with details of the parish of Hopton and Coton in Staffordshire. The signatures of the commissioners, Thomas Whitby and J. Sparrow, are also included, together with their seals. | ||
| 583 |
_aCondition reviewed _c20120620 _lcondition level 2 |
||
| 651 | 4 |
_aEngland _y886- |
|
| 690 |
_aValuation _96273 |
||
| 942 | _n0 | ||
| 999 |
_c114457 _d114457 |
||